| 000 | 00522nam a22001697a 4500 | ||
|---|---|---|---|
| 005 | 20251108172253.0 | ||
| 008 | 250721s1983 xx 000 0 ara d | ||
| 082 | 1 | 4 | _a340/عمر |
| 100 | 1 | _aبورويس، عمران محمد | |
| 245 | 1 | 0 |
_aنقابة محامي ليبيا : _bأمس و اليوم و غداً / |
| 264 | 1 |
_aطرابلس (ليبيا) : _bالدار الليبيه، _c1983. |
|
| 300 | _a370ص | ||
| 650 | 1 | 7 | _aمهنة المحاماة |
| 650 | 1 | 7 | _aليبيا |
| 942 |
_2ddc _cBK |
||
| 999 |
_c74752 _d74752 |
||